[Event "RUS-ch 54th"]
[Site "Elista"]
[Date "2001.05.02"]
[Round "3"]
[White "Kobalia, Mihail"]
[Black "Karpatchev, Aleksandr"]
[Result "1-0"]
[WhiteElo "2590"]
[BlackElo "2404"]
[Annotator "Ribli,Z"]
[PlyCount "101"]
[EventDate "2001.04.29"]
[EventType "swiss"]
[EventRounds "9"]
[EventCountry "RUS"]
[SourceTitle "CBM 083"]
[Source "ChessBase"]
[SourceDate "2001.07.05"]
[SourceVersion "1"]
[SourceVersionDate "2001.07.05"]
[SourceQuality "1"]

1. c4 e5 2. Nc3 Nf6 3. g3 d5 4. cxd5 Nxd5 5. Bg2 Nb6 6. Nf3 Nc6 7. O-O Be7 {
Diese Variante ist in letzter Zeit sehr populär - wir haben eigentlich die
Drachenvariante der Sizilianischen Verteidigung mit vertauschten Farben vor
uns.} 8. Rb1 {Dieser Zug ist interessant - Weiß spielt weder 8.d3 noch 8.a3,
denn er möchte Zug 9.b4 vorbereiten und nach Möglichkeit ohne Tempoverlust
a2-a4 ziehen.} g5 {Ein "aggressiver" Verteidigungszug. Die ursprüngliche Idee
des Zuges 8.Rb1 ist 9.b4, und nach 9...Bxb4 oder 9...Nxb4 kann Weiß auf e5
nehmen. Jetzt aber kommt nach 9.b4 der Zwischenzug 9...g4, und nach 10.Ne1
kann Schwarz einfach auf b4 schlagen.} (8... O-O 9. b4 a6 10. a4) 9. d3 (9. b4
g4 10. Ne1 Nxb4 11. Nc2 $13) 9... h5 {Die Zentrumsstellung ist fest, daher
nutzt Schwarz die Möglichkeit, am Königsflügel Raum zu gewinnen.} (9... Be6 10.
Qd2 h6 11. Qe3 Nd5 12. Nxd5 Bxd5 13. Bh3 Qd6 14. b4 Bxa2 15. Rb2 Be6 16. Bxe6
Qxe6 17. b5 Nd4 18. Nxd4 exd4 19. Qxd4 Bf6 20. Qc5 Bxb2 21. Bxb2 f6 {0-1
Kumaran,D-Hector,J/Copenhagen 1996/CBM 55 (38)}) (9... g4 10. Nd2 (10. Ne1 h5
11. Nc2 h4 12. b4 hxg3 13. fxg3 (13. hxg3 $5) 13... Nxb4 $2 14. Nxb4 Qd4+ 15.
e3 Qxc3 16. Nd5 Nxd5 17. Bxd5 {1/2-1/2 Hodgson,J-Bareev,E/Belgrade 1993/CBM 39/
[Ribli] (35)}) 10... Be6 11. b4 Nd5 12. Nxd5 Bxd5 13. Bxd5 Qxd5 14. b5 Nd4 15.
Bb2 h5 16. Bxd4 exd4 17. Qb3 {1/2-1/2 Degerman,L-Hector,J/Reykjavik 1995/CBM
47 (47)}) 10. Be3 g4 11. Nd2 (11. Nh4 $6 Nd4) 11... Nd4 {Das ist der
Schlüsselzug in dieser Variante - der schwarze Springer steht aktiv auf d4.}
12. Nc4 (12. Rc1 $6 h4 13. Nc4 Nxc4 14. dxc4 c6 $15 15. Qd3 f5 $1 16. Rfd1 Bf6
17. f4 (17. b4 $5 {/\ b5}) 17... gxf3 18. exf3 Kf7 $1 {0-1 Miezis,N-Smirin,I/
New York 1998/CBM 64/[Smirin] (30)}) (12. b4 $5) 12... Nxc4 (12... Bf6 13. Ne4
$13) 13. dxc4 c6 $11 {Schwarz hat eine bequeme Stellung erreicht - der Nd4 ist
sein großer Stolz. Der gegnerische Bg2 steht nach dem Textzug nicht mehr so
aktiv. Dennoch kann Weiß am Damenflügel mit b2-b4 aktives Spiel entwickeln.}
14. b4 Bf5 15. Rb2 (15. Be4 $6 Bxe4 16. Nxe4 h4 $36) (15. Ne4 h4) 15... Nc2 $6
{[%mdl 2048]} (15... h4 $5 $36) 16. Qxd8+ $6 (16. Bc5 $5 Qxd1 (16... Bxc5 17.
bxc5 $16 {[%cal Gb2b7]}) 17. Rxd1 $14) 16... Rxd8 17. Bxa7 Nxb4 (17... Na3 $5
18. Bb6 Ra8 19. e4 (19. c5 Nc4 20. Rb3 Bc2 $17 {[%csl Rb3]}) 19... Nxc4 20. Re2
Nxb6 21. exf5 $13) 18. a3 Ra8 (18... Nc2 $2 19. e4 $18) (18... Na6 19. Rxb7 $16
) 19. axb4 Rxa7 20. b5 $14 {Dank seiner Initiative am Damenflügel steht Weiß
etwas aktiver.} Bd7 (20... Rh6 $14) 21. bxc6 bxc6 22. Rb8+ Bd8 23. Ne4 (23. Rd1
{Jetzt droht 24.Bxc6.} Ke7 24. Ne4 {[%cal Ge4c5]} Rh6 $11) 23... Ke7 (23... Rh6
24. Rd1 Ke7 $11) 24. Nc5 Rh6 {Der schwarze Turm kommt auf der 6. Reihe ins
Spiel. Es scheint nun, als habe Weiß nur scheinbar die Initiative und keine
echten Drohungen.} 25. Be4 Bc7 26. Nxd7 Kxd7 $11 {Das Material ist reduziert,
außerdem sind ungleichfarbige Läufer auf den Brett. Zwar ist die schwarze
Königsstellung etwas unsicher, aber Weiß kann daraus kein Kapital schlagen.}
27. Rg8 Kd6 28. Rd1+ Kc5 {[%csl Gc5] Endlich findet der schwarze König einen
sicheren Platz.} 29. Rc8 Bb6 (29... h4 $11) 30. Rb1 Bc7 (30... Ra5 $11) 31. Rd1
Kxc4 $6 {Schwarz möchte auf Gewinn spielen, aber der Textzug ermöglicht Weiß
die Aktivierung seines Läufers.} (31... Bb6 $11 {So konnte Schwarz Remis durch
Zugwiederholung herbeiführen.}) 32. Rd7 Bb6 33. Rxa7 Bxa7 34. Bxc6 Rf6 {
Schwarz hofft auf Angriffschancen gegen den weißen Pf2.} 35. e3 Kd3 36. Bd5 {
[%csl Gd5]} h4 $2 {[%mdl 8192] Dieser Zug ist schlecht - will Schwarz die
Niederlage selbst herbeiführen?} (36... Ke2 $2 37. Rc2+ Kd3 38. Rc7 {[%cal
Rc7a7,Rc7f7]} Bb6 39. Rxf7 $16) (36... Bb6 $11) 37. gxh4 Rh6 38. Bxf7 Rxh4 39.
Be6 $16 {[%csl Rg4] Weiß hat momentan zwar nur einen Bauern mehr (dank des
"Opfers" 36...h4), aber der Pg4 ist eine weitere Schwäche, die Schwarz nicht
verteidigen kann.} Ke4 40. Rc4+ Kd3 41. Ra4 (41. Rxg4 $2 Rxg4+ 42. Bxg4 Bxe3 $1
43. fxe3 Kxe3 44. h4 Kf4 $11 {Diese Stellung ist trotz des großen
Materialvorteils theoretisch Remis, weil das Feld h8 für den weißen Läufer
nicht erreichbar ist.}) 41... Bc5 42. Bxg4 {Weiß hat zwei Bauern mehr, und der
zuvor aktive schwarze König steht nun schlecht - er ist von der 4. Reihe
abgeschnitten.} Bxe3 43. fxe3 Kxe3 44. Kg2 $18 {Aufgrund der Mehrfigur ist das
Endspiel klar gewonnen für Weiß.} e4 {Der schwarze Freibauer hat keine
Bedeutung.} 45. Kg3 Rh8 46. h4 Rh7 47. h5 {Der weiße h-Bauer entscheidet die
Partie.} Rh8 48. Ra1 Rf8 49. Kh4 Rg8 50. h6 Kf4 51. Rf1+ 1-0

[Event "San Francisco"]
[Site "San Francisco"]
[Date "1995.??.??"]
[Round "8"]
[White "Gulko, Boris F"]
[Black "Huebner, Robert"]
[Result "1-0"]
[WhiteElo "2595"]
[BlackElo "2620"]
[Annotator "Ribli,Z"]
[PlyCount "61"]
[EventDate "1995.??.??"]
[EventType "game"]
[EventCountry "ARG"]
[SourceTitle "CBM 046"]
[Source "ChessBase"]
[SourceDate "1995.06.01"]
[SourceVersion "1"]
[SourceVersionDate "1995.06.01"]
[SourceQuality "1"]

1. c4 e5 2. Nc3 Nf6 3. Nf3 Nc6 4. g3 Bb4 5. Bg2 O-O 6. O-O Bxc3 7. bxc3 Re8 8.
d3 e4 9. Nd4 exd3 (9... h6 $6 10. c5 $5 {In Betracht kommt auch 10.de4 Ne4 11.
Qc2 d5 12.cd5 Qd5 13.Rd1 mit besseren Aussichten fuer Weiss. Portisch,L-Salov,
V/Tilburg/1994/CBM44/INF61,(33)/} (10. dxe4 $5) 10... Nxd4 11. cxd4 d5 12. cxd6
Qxd6 13. dxe4 Nxe4 14. Bf4 Qe7 15. Qc1 $14 {Das aktive weisse Laeuferpaar gibt
Vorteil fuer den Anziehenden. Lalic,B- Spraggett,K/Moscow olm/1994/CBM45/}) (
9... Ne5 $146 {Lobron's Neuerung} 10. c5 {Zu pruefen ist 10.Bg5!?} (10. Bg5 $5)
10... exd3 11. exd3 Rb8 12. Nb5 b6 $1 $13 {Komplizierte Stellung. Serper,
G-Lobron,E/Moscow olm/1994/CBM45/}) 10. exd3 Nxd4 (10... h6 $5) 11. cxd4 d5
$146 {Das ist offenbar eine Neuerung.} (11... d6 12. Rb1 $1 Rb8 13. Qa4 $14 {
Weiss hat eine starke Initiative. Uhlmann,W-Krasenkov,M/Germany/1992/ INF56,
(40)/}) 12. Bg5 c6 {Schwarz opfert jetzt einen Bauern.} (12... dxc4 13. dxc4
$14 {Das Laeuferpaar versichert den weissen Vorteil.}) 13. cxd5 cxd5 14. Qb3 b6
(14... Be6 15. Qxb7 $16) 15. Bxf6 Qxf6 16. Qxd5 $5 (16. Bxd5 Be6 17. Rfe1 Rad8
$14 {Schwarz hat gute Ueberlebenchance.}) 16... Ba6 (16... Be6 17. Qb5 Rad8 18.
d5 $16) 17. Rfe1 Rad8 {[#]} (17... Bxd3 $2 18. Qb3 $18) 18. Qd7 $1 {Mit diesem
eleganten Zug gewinnt Gulko ein sehr wichtiges Tempo.} Rf8 (18... Kf8 $2 {
Verliert sofort.} 19. Qxa7 Bxd3 20. Qa3+ $18) 19. Qxa7 Bxd3 20. d5 $1 {Jetzt
bekraeftigte Weiss seinen Vorteil.} Bc4 21. Qb7 Rd6 22. a4 g6 (22... Rfd8 23.
Rac1 Bxd5 $2 24. Bxd5 Rxd5 25. Qxd5 Rxd5 26. Re8#) 23. Rac1 b5 {23...Bb3 geht
nicht wegen 24.a5! (+-)} (23... Bb3 24. a5 $18) 24. axb5 Rb6 25. Qc7 Bxb5 26.
Rb1 $1 {Eine gefaehrliche Fesselung.} Rfb8 27. Rb3 R8b7 (27... Ba6 28. Rf3 Qg7
29. d6 Rb1 30. Rfe3 $18) 28. Qc8+ Kg7 29. d6 Rb8 30. Qc5 Qxd6 $2 {In
schwieriger Stellung verliert den Laeufer.} 31. Rxb5 $1 {Ribli} 1-0

[Event "Corus"]
[Site "Wijk aan Zee"]
[Date "2002.01.19"]
[Round "6"]
[White "Timman, Jan H"]
[Black "Bareev, Evgeny"]
[Result "0-1"]
[WhiteElo "2605"]
[BlackElo "2707"]
[Annotator "Ribli,Z"]
[PlyCount "66"]
[EventDate "2002.01.12"]
[EventType "tourn"]
[EventRounds "13"]
[EventCountry "NED"]
[EventCategory "18"]
[SourceTitle "CBM 087"]
[Source "ChessBase"]
[SourceDate "2002.03.21"]
[SourceVersion "1"]
[SourceVersionDate "2002.03.21"]
[SourceQuality "1"]

1. c4 {Ftacnik} e5 2. Nc3 Nf6 3. Nf3 Nc6 4. g3 Bc5 {Dieser Zug wird seltener
gespielt als 4...Bb4 oder 4...d5.} 5. Bg2 O-O {Dieser Zug ist sehr riskant -
gewöhnlich spielt man 5...d6.} (5... d6) 6. Nxe5 $1 (6. O-O) 6... Bxf2+ (6...
Nxe5 7. d4 Bd6 8. c5 Bxc5 9. dxc5 Nc6 10. O-O $14) 7. Kxf2 Nxe5 8. b3 {Weiß
hat das Läuferpaar. Seine Bauernmehrheit im Zentrum wird in der Folge ein
wichtiger Faktor, dafür ist jedoch seine Königsstellung ein wenig geschwächt.}
(8. d3 Nfg4+ (8... Neg4+ 9. Kg1 Qe7 10. e4 Qc5+ 11. d4 Qxc4 12. h3 Nh6 13. g4
d5 14. g5 Nxe4 15. gxh6 {1-0 Hentunen,A-Mertanen,J/FIN 1999/EXT 2001 (42)}) 9.
Kg1 Qf6 $13 {1-0 Vidarte Morales,A-Ater,G/Vila de Salou 1995/EXT 97 (55)}) 8...
Re8 9. Rf1 d5 $6 (9... c6 10. d4 $5 (10. Kg1 h6 11. d4 Ng6 12. e4 d6 13. Bb2
Bg4 14. Qd2 Qc7 15. Rxf6 gxf6 16. Qxh6 Qe7 17. Rf1 Rad8 18. e5 {1/2-1/2
Conquest,S-Loginov,V/Budapest 1996/CBM 56 (80)}) 10... Neg4+ 11. Kg1 Ne3 12.
Bxe3 Rxe3 13. Qd2 Qe7 14. Rae1 d6 15. Nd1 Re6 16. e4 Bd7 17. Nf2 $16 {[%csl
Gc4,Gd4,Ge4]}) 10. d4 $1 $14 {Ftacnik: 'Timman believes in the strong pawn
center, but the situation will not be one sided.'} (10. cxd5 c6 (10... Bf5 11.
Kg1) 11. dxc6 Qb6+ 12. e3 Nxc6 $44 (12... bxc6 {Ftacnik} 13. Na4 Qb4 $14))
10... Neg4+ 11. Kg1 dxc4 (11... c6 {Ftacnik} 12. Qd3 $14) 12. bxc4 Ne3 $6 (
12... c6 $5 13. Qd3 $14 (13. e4 Qa5 (13... c5 $6 14. dxc5 $16) 14. Bd2 Ne3 (
14... Qb6 $6 15. Bf4 $16) 15. Nb5 $14)) 13. Bxe3 Rxe3 14. Qd2 $16 {Weiß hat
ein starkes Bauernzentrum und gutes Figurenspiel.} Re8 (14... Re7 $2 15. Rxf6
$1 (15. e4 c6 16. Rab1 $14) 15... gxf6 16. Nd5 $16) (14... Re6 15. e4 $16 (15.
Rad1 $16)) (14... Qe8 {Ftacnik} 15. Rxf6 (15. Rae1 {Ftacnik} c6 16. Rf3 Rxf3
17. Bxf3 $14) 15... gxf6 16. Nd5 Rxe2 17. Nxf6+ Kh8 18. Qd3 Qe3+ 19. Qxe3 Rxe3
20. Nd5 Rd3 21. Nxc7 Rb8 $15) 15. Rad1 $6 $14 (15. Nd5 $1 Nxd5 16. Bxd5 Be6 17.
Bxb7 Rb8 (17... Bxc4 18. Qc3 Bxe2 19. Bxa8 Qxa8 (19... Bxf1 20. Bc6 $16) 20.
Rf2 $16) 18. Bc6 $16) (15. Rab1 c6 16. d5 $14) 15... c6 $6 (15... Ng4 16. e4 c5
(16... Be6 17. Qf4 $16 (17. c5 Bc4 18. Rfe1 $14)) 17. Qf4 (17. dxc5 Qe7 $14 (
17... Qxd2 18. Rxd2 Ne3 19. Rb1 Nxc4 20. Rd4 $16)) 17... Nh6 $6 (17... cxd4 18.
Qxf7+ Kh8 19. Nd5 Ne5 20. Qf2 Bg4 21. Rxd4 $14) 18. dxc5 Qa5 19. Nb5 Be6 (19...
Bg4 $6 20. Qd2 $16) 20. e5 Rab8 21. Kh1 $16) 16. Qf4 $2 (16. e4 Bg4 17. Rb1 (
17. Rde1 $1 c5 18. Nd5 $16 (18. e5 Qxd4+ 19. Qxd4 cxd4 20. Nb5 d3 $1 (20... Nd7
21. Nc7 $16 (21. Bxb7 $16)) 21. Nc7 (21. exf6 $2 Rxe1 22. Rxe1 d2 $17) 21... d2
22. Rb1 $14))) 16... Bg4 $1 $13 {Nach diesem starken Zug kann Weiß nicht e2-e4
ziehen, sondern muss sich statt dessen um seinen Pe2 kümmern.} 17. Rf2 (17. Rb1
Qd7 $13) (17. Rd2 {Ftacnik} Bh5 18. d5 Qa5 $13) 17... Bh5 {[%cal Gf6g4,Gg4e3]
Der Läufer verteidigt prophylaktisch das Feld f7 und bereitet das Gegenspiel
mit Ng4 vor.} 18. d5 cxd5 $2 (18... Qa5 19. Ne4 Ng4 $13) (18... Qb6 {Ftacnik}
19. h3 Qe3 (19... Rad8 {Ftacnik}) 20. Rd3 Qxf4 21. gxf4 $14) 19. Nxd5 $1 $14 (
19. h3 {Der Pd5 läuft nicht weg. Mit dem Textzug verhindert Weiß den Zug 19...
Ng4.} Bg6 (19... Qe7 20. cxd5 $14) 20. Nxd5 Nxd5 21. cxd5 $14) (19. cxd5 $5 $14
Qb6 20. Qd4 Qxd4 21. Rxd4 Rac8) 19... Ng4 20. Rff1 (20. Ne3 Nxe3 21. Rxd8 Raxd8
22. h3 (22. Bd5 {Ftacnik} Nxd5 23. cxd5 Rxd5 24. Qa4 Ra8 $11) 22... Rd1+ (22...
Nxg2 $6 23. Kxg2 Bg6 24. g4 $16) 23. Kh2 Nxg2 24. Kxg2 $14) (20. Rf3 $2 {
Ftacnik} Rxe2 $17) 20... Ne5 (20... Rxe2 $2 {Ftacnik} 21. Bf3 $18) 21. Qc1 $2 {
'?!' Ftacnik.} (21. Qf2 Nxc4 (21... Bg4 22. Nf4 Qc7 23. Rb1 $14) 22. Nf4 (22.
Qc5 Bxe2 $2 (22... Rc8 23. Qxa7 $13) 23. Nf6+ gxf6 24. Rxd8 Raxd8 $14) 22...
Qg5 23. Bxb7 $14) (21. Bf3) (21. Rd4 {Ftacnik} Qa5 22. Rf2 Bg6 $15) 21... Bxe2
$1 $15 {'!?' Ftacnik.  Ftacnik: 'The couragegous approach costs a queen, but
the black pieces will become very active.'  Schwarz sorgt sich nicht um den
drohenden Verlust seiner Dame. Im Gegenteil, er setzt auf starkes Spiel seiner
übrigen Figuren.} (21... Qa5 22. Nf4 Bg4 $15) 22. Nf6+ gxf6 23. Rxd8 Raxd8 {
[%mdl 1024]} (23... Rexd8 $2 24. Bxb7 $14) 24. Bxb7 Kg7 $1 {Ein nützlicher
Wartezug - der Rf1 kann sich nicht befreien.} (24... Bxf1 25. Kxf1 (25. Qxf1 {
Ftacnik} Rd2 $17) 25... Ng4 $13 26. Kg1 $15) (24... Nd3 25. Qa3 Bxf1 26. Kxf1
Re1+ 27. Kg2 Re2+ $13) 25. Bd5 $2 (25. c5 Nd3 $6 (25... Bxf1 26. Qxf1 $15 (26.
Kxf1 Rd4 27. c6 Rc4 $17)) 26. Qc3 (26. Qc4 {Ftacnik} Bxf1 27. Kxf1 Re1+ 28. Kg2
Rc1 29. Qg4+ Kf8 30. Qf5 $15) 26... Bxf1 27. Kxf1 Re1+ 28. Qxe1 (28. Kg2 Rc1 $1
29. Qd2 Rc2 $19) 28... Nxe1 29. Kxe1 $44) 25... Bxf1 $17 (25... Nd3 $2 26. Qa3
Bxf1 27. Kxf1 Re1+ 28. Kg2 $16) 26. Qxf1 $2 (26. Kxf1 Ng4 27. Kg1 Re3 28. Kg2
Rde8 29. Bf3 Nxh2 30. Kxh2 $2 (30. Bh5 R8e5 31. Kf2 R3e4 $17) 30... Rxf3 $19)
26... Rb8 $1 $19 {[%csl Gb8,Ge5,Ge8][%cal Gb8b1]} 27. Qf2 (27. Qc1 {Ftacnik}
Nd3 28. Qa3 Rb2 $1 $19) 27... Nd3 $1 {[%mdl 128] Ftacnik: 'In cooperation
black rooks and a knight will get to the white king with a decisive effect.'} (
27... h5 28. Qxa7 Ng4 29. Qxf7+ Kh6 30. Be6 Rb1+ 31. Kg2 Rb2+ 32. Kg1 $11) (
27... Re7 28. Qd4) 28. Qxa7 (28. Qd4 Rb1+ 29. Kg2 Re2+ 30. Kf3 (30. Kh3 Ne5 $19
) 30... Rf2+ 31. Ke3 Re1+ 32. Kxd3 Rd1+ 33. Ke3 Rxd4 34. Kxd4 Rxa2 $19) 28...
Re1+ {[%csl Rg1]} 29. Kg2 Rb2+ 30. Kh3 (30. Kf3 Ne5+ 31. Kf4 Rxh2 $19) 30...
Ne5 31. g4 Ree2 (31... Rd2 $1 32. Kg3 Rd3+ 33. Kf2 Rb1 $19) 32. Kg3 Rxa2 33.
Qc5 Rad2 {Gegen 34...Rd3+ gibt es keine Rettung.} 0-1

[Event "Sydney Mercantile"]
[Site "Sydney"]
[Date "1991.??.??"]
[Round "1"]
[White "Johansen, Darryl Keith"]
[Black "Solomon, Stephen J"]
[Result "1-0"]
[WhiteElo "2465"]
[BlackElo "2420"]
[Annotator "Ribli,Z"]
[PlyCount "73"]
[EventDate "1991.04.??"]
[EventType "tourn"]
[EventRounds "9"]
[EventCountry "AUS"]
[EventCategory "10"]
[SourceTitle "CBM 023"]
[Source "ChessBase"]
[SourceDate "1991.08.01"]
[SourceVersion "1"]
[SourceVersionDate "1991.08.01"]
[SourceQuality "1"]

1. c4 e5 2. g3 Nf6 3. Bg2 d5 4. cxd5 Nxd5 5. Nc3 Nb6 6. Nf3 Nc6 7. O-O Be7 8.
a3 a5 $6 9. d3 O-O 10. Be3 f5 11. Na4 Nxa4 (11... Kh8 12. Rc1 Bf6 13. Nd2 Nxa4
14. Qxa4 Bd7 15. Qc2 a4 16. b4 axb3 17. Nxb3 $14 {Makarov,M-Semeniuk,A
RSFSR-ch Kuibishev 1990 CBM/21}) 12. Qxa4 Be6 13. Rac1 Bf6 14. Nd2 Bd5 15. Qb5
$1 $14 Bxg2 16. Kxg2 Qc8 17. Rc4 Ne7 18. Bc5 c6 19. Qb3 Qe6 20. Bxe7 Bxe7 21.
e4 fxe4 22. dxe4 Rf7 $2 (22... Rab8) 23. Qxb7 Rd8 24. Rxc6 Qg4 25. Rc7 $1 Rxd2
26. Rxe7 Rxe7 27. Qxe7 Qxe4+ 28. Kg1 h6 29. b4 axb4 30. axb4 Rb2 31. b5 $1 Qd4
32. Qe6+ $1 $18 Kf8 33. Qf5+ Ke7 34. Rc1 $1 Qd6 35. Qc8 Qd5 36. Rc7+ Kf6 37.
Qf8+ 1-0

[Event "ISR-ch"]
[Site "Jerusalem"]
[Date "1996.??.??"]
[Round "7"]
[White "Greenfeld, Alon"]
[Black "Tseitlin, Mark D"]
[Result "1/2-1/2"]
[WhiteElo "2555"]
[BlackElo "2540"]
[Annotator "Ribli,Z"]
[PlyCount "50"]
[EventDate "1996.10.26"]
[EventType "swiss"]
[EventRounds "9"]
[EventCountry "ISR"]
[SourceTitle "CBM 056"]
[Source "ChessBase"]
[SourceDate "1997.02.01"]
[SourceVersion "1"]
[SourceVersionDate "1997.02.01"]
[SourceQuality "1"]

1. c4 {King} e5 2. Nc3 Nf6 3. Nf3 Nc6 4. g3 Bb4 5. Bg2 O-O 6. O-O Re8 7. d3 Nd4
{Eine seltene Fortsetzung in dieser Stellung.Ribli.} (7... Bxc3 8. bxc3 e4 9.
Nd4 exd3 10. exd3 h6 11. Rb1 Nxd4 12. cxd4 d5 13. Bf4 $14 {Hodgson,J-Salov,V/
Amsterdam Donner/1996/CBM55/}) 8. Nxd4 (8. Nd2 $5) (8. Bg5 Nxf3+ 9. Bxf3 Bxc3
10. bxc3 d6 11. Bg2 h6 12. Bxf6 Qxf6 13. Rb1 c6 14. Qd2 Qe7 $13 {Fatin,T-Peek,
M/Edinburgh op/1988/}) 8... exd4 9. Nb5 Bc5 10. Bg5 (10. b4 $5 Bxb4 11. Nxd4 $2
(11. Bb2 d5 $2 (11... c5 12. Nd6 Re6 13. Nxb7 Bxb7 14. Bxb7 Rb8 15. Bg2) 12.
cxd5 Nxd5 13. Bxd5 Qxd5 14. Nxc7) 11... Bc3) 10... c6 $13 11. Bxf6 gxf6 12. Na3
Qe7 13. e3 {King: An interesting attempt to blast a route through to the weak
f-pawns, but Black defends accurately and holds the draw.} (13. Nc2 Qxe2 14.
Re1 (14. b4 Bf8 15. Rb1 a5 16. a3 axb4 17. axb4) 14... Qxd1 15. Raxd1 Rxe1+ 16.
Rxe1 Kf8 17. Re4 d5 18. cxd5 cxd5 19. Rh4 (19. Rf4) 19... Bf5) (13. Re1 {King}
Bb4) (13. Bf3 $5 {King} Bxa3 14. bxa3 Qxa3 15. Qd2 $44) 13... dxe3 14. fxe3
Qxe3+ 15. Kh1 Qe2 16. d4 Bxa3 $10 17. bxa3 Qxd1 18. Raxd1 b6 19. d5 (19. Rxf6
Ba6 20. c5 Bc4) 19... Bb7 20. Rxf6 cxd5 21. Rdf1 Bc6 22. Bxd5 Bxd5+ 23. cxd5
Re5 24. Rxf7 Rxd5 25. Re7 Rd2 $11 (25... Rd2 26. Rff7 Rc8 27. Rg7+ Kf8 28.
Rgf7+ $11) 1/2-1/2

[Event "FRA-ch"]
[Site "Chartres"]
[Date "2005.08.23"]
[Round "8"]
[White "Bauer, Christian"]
[Black "Sokolov, Andrei"]
[Result "1-0"]
[WhiteElo "2641"]
[BlackElo "2603"]
[Annotator "Ribli,Z"]
[PlyCount "89"]
[EventDate "2005.08.15"]
[EventType "tourn"]
[EventRounds "11"]
[EventCountry "FRA"]
[EventCategory "13"]
[SourceTitle "CBM 109"]
[Source "ChessBase"]
[SourceDate "2005.11.14"]
[SourceVersion "1"]
[SourceVersionDate "2005.11.14"]
[SourceQuality "1"]

1. c4 e5 2. g3 Nf6 3. Bg2 d5 4. cxd5 Nxd5 5. Nc3 Nb6 6. Nf3 Nc6 7. O-O Be7 8.
a3 O-O 9. b4 Be6 10. Rb1 f6 11. d3 Nd4 (11... a5 12. b5 Nd4 13. Nd2 Bd5 (13...
Nd5 $4 14. Bxd5 Bxd5 15. e3 $18)) 12. Nd2 {Eine typische Strategie von Weiß:
er verhindert den Springertausch und kann den d4-Springer mit e3 verjagen.} (
12. Bb2 Nxf3+ 13. Bxf3 c6) 12... Nd5 (12... c6 13. Nde4 Bg4 (13... Rf7 14. e3
Nb5 15. Nxb5 cxb5 16. Bb2 Na4 17. Ba1 Rc8 18. d4 f5 19. Nc5 Nxc5 20. bxc5 Bc4
21. Bxb7 Rb8 22. Bg2 Bxf1 23. Bxf1 $44 {1/2-1/2 Bareev,E-Ponomariov,R/Moscow
2002/CBM 91 (40)}) 14. f3 $5 $146 Bc8 15. e3 Ne6 16. f4 {[%cal Gf4f5]} f5 17.
Nf2 exf4 18. gxf4 Nc7 $1 $13 {[%cal Gc7d5,Gb6d5] 1-0 Lapshun,Y-Goldin,A/
Seattle 2003/CBM 93/[Ribli] (88)}) 13. Bb2 a5 (13... Nxc3 14. Bxc3 c6 15. Bxd4
Qxd4 16. Nb3 Qd7 (16... Qc3 17. Qc1 Qxc1 18. Rfxc1 Bxb3 19. Rxb3 Rab8 20. b5
Rfd8 21. bxc6 bxc6 22. Rcb1 $14 {1/2-1/2 Smejkal,J-Huebner,R/Germany 1991/
GER-chT (64)}) 17. Nc5 Bxc5 18. bxc5 {>< b7} Bd5 19. Qc2 Rf7 20. Rb4 Rd8 21.
Rfb1 {1-0 Azmaiparashvili,Z-Aseev,K/Lvov 1990/CBM 18/[Ribli] (47)}) (13... Rf7
14. Nc4 Nxc3 15. Bxc3 Nb5 16. Bb2 c6 17. Na5 Bf8 18. Nb3 Qd7 19. Qc2 Bd5 {
1-0 Sarno,S-Brunner,L/Debrecen 1992/EU-chT (82)}) (13... Kh8 14. Nxd5 Bxd5 15.
Bxd5 Qxd5 16. Bxd4 Qxd4 17. Qc2 c6 18. Rfc1 Rad8 19. Qc4 Qd7 20. Nb3 a6 21. Qe4
Qe6 22. d4 Rd5 {0-1 Urban,K-Bobras,P/Poznan 1999/EXT 2002 (38)}) (13... c6 14.
Nxd5 Bxd5 15. Bh3 Be6) 14. bxa5 $5 {[%mdl 4] Mit diesem Zug strebt Weiß
scharfes Spiel an: er öffnet die b-Linie, um den schwarzen b-Bauern
anzugreifen, aber gleichzeitig ist sein a-Bauer schwach.} (14. b5) 14... Rxa5 (
14... Nc6 {[%cal Gc6a5]} 15. Na4 (15. Qb3 Nxa5 16. Bxd5 Nxb3 17. Bxe6+ Kh8 18.
Nxb3 (18. Bxb3 Bxa3 19. Bxa3 Rxa3 20. Nde4 c6 $15) 18... Bxa3 $15) 15... Nxa5
16. Qc2 $11) 15. Nc4 Ra7 16. a4 {[%cal Ga4a5]} b6 (16... Nxc3 17. Bxc3 Bd5 $11)
(16... Qd7) 17. e3 Nxc3 (17... Nc6) 18. Bxc3 Nf5 19. a5 $1 Bc5 (19... bxa5 20.
Nxa5 $14 {[%csl Yc6][%cal Ra5c6,Rc6a7,Rc6d8]}) 20. Bb4 Qe7 (20... Bxb4 21. axb6
cxb6 22. Rxb4 $14) 21. Bxc5 Qxc5 22. axb6 cxb6 23. Qb3 $14 {[%csl Rb6] Weiß
hat eine bessere Bauernstruktur, der Pb6 ist eine ewige Schwäche in der
schwarzen Stellung.} Rb8 24. Qb5 Qxb5 25. Rxb5 Ra6 (25... Bxc4 26. dxc4 Rc7 27.
Bd5+ Kf8 28. Rfb1 Nd6 29. Rxb6 Rxb6 30. Rxb6 Nxc4 31. Rb8+ Ke7 32. Rg8 $16) 26.
Rfb1 Bxc4 27. dxc4 Nd6 28. Rd5 (28. R5b3 $1 $16 {[%cal Rc4c5]}) 28... Nxc4 29.
Rd7 {[%csl Gd7,Gg2][%cal Gd7h7,Rg2d5,Rd5g8,Rd5c4][%mdl 4096] Weiß hat
ausgezeichnete Kompensation für den Minusbauern - sein Rd7 und der Bg2 sind
sehr aktiv, jetzt droht 30.Bd5+.} e4 30. Bxe4 $16 Ne5 31. Rc7 (31. Rb7 Rxb7 32.
Bxb7 $16) 31... Rd8 32. h4 Rd7 33. Rc8+ (33. Rxd7 Nxd7 34. Bb7 Ra7 35. Bc6 Kf7
36. Bxd7 Rxd7 37. Rxb6 $14) 33... Kf7 34. Bxh7 {[%cal Rh7g8]} g6 35. Bg8+ Kg7 (
35... Ke7 36. Rb8 Rd6 37. Rb7+ $16) 36. Be6 Rd6 37. Rc7+ Kh6 38. Bg8 {Es droht
einzügiges Matt auf h7.} Nd7 (38... Rd7 39. Rxd7 Nxd7 40. Bc4 $18) 39. Rb4 Ra1+
40. Kg2 Rad1 41. Re4 {[%cal Re4e7,Re7h7,Rh7h6]} g5 42. Be6 b5 (42... gxh4 43.
Rxh4+ Kg6 44. Bb3 R1d2 45. Rc8 $18 {[%csl Rg6]}) 43. hxg5+ fxg5 44. Bf5 $18 {
[%csl Gf5,Rh6]} R1d5 45. g4 1-0